000
00275nam a2200121 a 4500
008
101213s1958|||| d
245
1
0
_a
František Xaver Dušek
100
1
_a
Sýkora, V. J.
260
_b
SNKHU
_a
Praha
_c
1958
020
_c
26,70
044
_a
CZ
041
_a
cze
999
_c
14203
_d
14203